| 000 | 01113cam a2200289 i 4500 | ||
|---|---|---|---|
| 020 | _a0385144202 : | ||
| 082 | 0 | 0 |
_a940.5423 _bHEC |
| 100 | 1 |
_aHeckmann, Wolf, _937823 |
|
| 245 | 1 | 0 |
_aRommel's war in Africa / _cby Wolf Heckmann ; translated from the German by Stephen Seago ; foreword by Sir John Hackett. |
| 260 |
_aGarden City, N.Y. : _bDoubleday, _c1981. |
||
| 300 |
_axvii, 366 p., [8] leaves of plates : _bll. ; _c24 cm. |
||
| 500 | _aIncludes index. | ||
| 500 | _aTranslation of Rommels Krieg in Afrika. | ||
| 526 |
_a0 _b0 _c0 _d940_542300000000000_HEC |
||
| 526 |
_a0 _b0 _c0 _d940_542300000000000_HEC |
||
| 526 |
_a0 _b0 _c0 _d940_542300000000000_HEC |
||
| 526 |
_a0 _b0 _c0 _d940_542300000000000_HEC |
||
| 526 |
_a0 _b0 _c0 _d940_542300000000000_HEC |
||
| 526 |
_a0 _b0 _c0 _d940_542300000000000_HEC |
||
| 526 |
_a0 _b0 _c0 _d940_542300000000000_HEC |
||
| 526 |
_a0 _b0 _c0 _d940_542300000000000_HEC |
||
| 526 |
_a0 _b0 _c0 _d940_542300000000000_HEC |
||
| 526 |
_a0 _b0 _c0 _d940_542300000000000_HEC |
||
| 650 | 0 |
_aMCE _9379 |
|
| 650 | 0 |
_aWorld War, 1939-1945 _xCampaigns _zAfrica, North. _937824 |
|
| 942 |
_2ddc _cBK |
||
| 999 |
_c551785 _d551785 |
||